Population pressure and economic life in Japan /

Bibliographic Details
Main Author: Ishii, Ryōichi
Format: Book
Language:English
Published: Chicago : University of Chicago Press, [1937?]
Subjects:

MARC

Tag First Indicator Second Indicator Subfields
LEADER 00000cam a2200000 i 4500
001 in00000058425
005 20151007082251.0
008 781219s1937 ilu b 00110 eng d
035 |a (OCoLC)04473215 
035 |9 AAF7620AM 
040 |a BNG  |c BNG  |d TXA  |d UtOrBLW 
049 |a TXAM  |c [145582] 
090 |a HB3651  |b .I8 
092 |a 312.0952  |b I79p 
100 1 |a Ishii, Ryōichi. 
245 1 0 |a Population pressure and economic life in Japan /  |c by Ryoichi Ishii. 
264 1 |a Chicago :  |b University of Chicago Press,  |c [1937?] 
300 |a xix, 259 pages ;  |c 23 cm. 
336 |a text  |b txt  |2 rdacontent 
337 |a unmediated  |b n  |2 rdamedia 
338 |a volume  |b nc  |2 rdacarrier 
504 |a Includes bibliographical references and index. 
651 0 |a Japan  |x Population. 
651 0 |a Japan  |x Economic conditions. 
999 |a MARS 
999 f f |s be86ffea-ecac-31b1-964f-dc245196d2ba  |i 3b9cf4bf-c9a4-38a4-8bd5-8865450f14ee  |t 0 
952 f f |p ric  |a Texas A&M University  |b Rellis Campus  |c Joint Library Facility  |d Remote Storage  |t 0  |e HB3651 .I8  |h Library of Congress classification  |i unmediated -- volume  |m A14800655187 
998 f f |a HB3651 .I8  |t 0  |l Remote Storage